[Event "DEM U12/U12w 2010"]
[Site "Oberhof GER"]
[Date "2010.05.25"]
[Round "5"]
[White "Reksten, Anne"]
[Black "Angrick, Philipp"]
[Result "0-1"]
[Termination "normal"]
[Board "26"]
[WhiteElo "1383"]
[BlackElo "1528"]
[PlyCount "76"]
[WhiteFideId "24692778"]
[BlackFideId "12912298"]
[EventCountry "GER"]
[EventRounds "11"]
[EventType "swiss"]
[EventDate "2010.05.22"]

1. c4 e5 2. g3 Nf6 3. Bg2 Bc5 4. Nc3 Nc6 5. a3 a6 6. b4 Ba7 7. e3 O-O 8. Nge2
d6 9. O-O Be6 10. Nd5 Rb8 11. Bb2 Nd7 12. Nec3 Ne7 13. Nxe7+ Qxe7 14. d3 Nf6
15. Nd5 Nxd5 16. cxd5 Bf5 17. Qc2 Rfc8 18. Kh1 f6 19. Rad1 Qd7 20. Qc4 Bg4 21.
Rd2 Qf5 22. Qe4 Bh3 23. Qxf5 Bxf5 24. Rc1 b5 25. e4 Bd7 26. Rdc2 Bb6 27. h3 a5
28. f4 axb4 29. axb4 Ra8 30. Ra1 Rxa1+ 31. Bxa1 Ra8 32. Rc1 exf4 33. gxf4 Be3
34. Re1 Bxf4 35. Bd4 Bd2 36. Rb1 Ra4 37. Rb2 Ra1+ 38. Kh2 Bf4# 0-1

[Event "DEM U12/U12w 2010"]
[Site "Oberhof GER"]
[Date "2010.05.25"]
[Round "5"]
[White "Bohnert, Dominik"]
[Black "Schmekel, Florian"]
[Result "0-1"]
[Termination "normal"]
[Board "27"]
[WhiteElo "1370"]
[BlackElo "1523"]
[PlyCount "98"]
[WhiteFideId "12918075"]
[BlackFideId "12913456"]
[EventCountry "GER"]
[EventRounds "11"]
[EventType "swiss"]
[EventDate "2010.05.22"]

1. e4 c5 2. Nf3 Nc6 3. d4 cxd4 4. Nxd4 g6 5. Nc3 Bg7 6. Be3 Nf6 7. Bc4 O-O 8.
Bb3 d6 9. f3 Bd7 10. Qd2 a6 11. O-O-O b5 12. h4 b4 13. Nb1 a5 14. g4 a4 15. Bc4
Qa5 16. Rh2 Ne5 17. Be2 Rfc8 18. h5 Qc7 19. hxg6 fxg6 20. Qxb4 Rab8 21. Qc3 Qb7
22. Qa3 Nc6 23. Bc4+ Kf8 24. Be2 Nxd4 25. Bxd4 Qc7 26. Qc3 Qb7 27. Qa3 Bb5 28.
Bxb5 Qxb5 29. b3 axb3 30. Qxb3 Qa5 31. Qa3 Rxb1+ 32. Kxb1 Qxa3 33. Rd3 Rb8+ 34.
Rb3 Rxb3+ 35. cxb3 Qb4 36. Bxf6 Bxf6 37. Kc2 Qc3+ 38. Kd1 Qa1+ 39. Ke2 Qxa2+
40. Ke3 Qxh2 41. b4 Qb2 42. f4 Qc3+ 43. Kf2 Bd4+ 44. Kg2 Qe3 45. b5 Qf2+ 46.
Kh3 Qf3+ 47. Kh2 Bf2 48. b6 Qg3+ 49. Kh1 Qg1# 0-1

[Event "DEM U12/U12w 2010"]
[Site "Oberhof GER"]
[Date "2010.05.25"]
[Round "5"]
[White "Scheinhütte, Jakob"]
[Black "Kempe, Anne"]
[Result "1/2-1/2"]
[Termination "normal"]
[Board "28"]
[WhiteElo "1582"]
[BlackElo "1369"]
[PlyCount "137"]
[WhiteFideId "24693944"]
[BlackFideId "12918083"]
[EventCountry "GER"]
[EventRounds "11"]
[EventType "swiss"]
[EventDate "2010.05.22"]

1. e4 c5 2. Nf3 d6 3. c3 Nf6 4. h3 Nc6 5. Bd3 Bd7 6. Bc2 e6 7. O-O Be7 8. Re1
Qc7 9. a3 a5 10. d4 cxd4 11. cxd4 Rc8 12. Nc3 O-O 13. Qd3 e5 14. d5 Nb8 15. Be3
Na6 16. Rac1 Nc5 17. Qd1 b5 18. Ne2 Qb7 19. Ng3 Rc7 20. Nxe5 dxe5 21. d6 Bxd6
22. Qxd6 Ne6 23. Qxe5 Rfc8 24. Bb1 Bc6 25. Qf5 Nf8 26. b4 axb4 27. axb4 Bd7 28.
Rxc7 Rxc7 29. Qe5 Be6 30. Nh5 Nxh5 31. Qxh5 Bc4 32. e5 h6 33. Bc5 Ne6 34. Bd6
Rd7 35. Qf5 g6 36. Qg4 Bd5 37. Be4 Bxe4 38. Qxe4 Qb6 39. Qe3 Qxe3 40. Rxe3 Ra7
41. Kh2 Ra2 42. Kg3 Kg7 43. Rd3 Ng5 44. f3 Ne6 45. Rd5 Rb2 46. Rxb5 Nd4 47. Rb8
Nf5+ 48. Kf4 Rxg2 49. b5 Rd2 50. Kg4 Nxd6 51. exd6 Rxd6 52. b6 Rd4+ 53. f4 Rb4
54. h4 Rb5 55. b7 Rb4 56. Kf3 h5 57. Ke3 Kf6 58. Kf3 Kf5 59. Ke3 Kg4 60. Kd3
Kxh4 61. Kc3 Rb1 62. Kc4 Kg3 63. Kc5 h4 64. Kc6 Rc1+ 65. Kb6 Rb1+ 66. Kc7 Rc1+
67. Kb6 Rb1+ 68. Kc7 Rc1+ 69. Kb6 1/2-1/2

[Event "DEM U12/U12w 2010"]
[Site "Oberhof GER"]
[Date "2010.05.25"]
[Round "5"]
[White "Pfreundt, Jakob"]
[Black "Heldt, Ronny"]
[Result "0-1"]
[Termination "normal"]
[Board "29"]
[WhiteElo "1297"]
[BlackElo "1584"]
[PlyCount "118"]
[WhiteFideId "12918156"]
[BlackFideId "12903973"]
[EventCountry "GER"]
[EventRounds "11"]
[EventType "swiss"]
[EventDate "2010.05.22"]

1. d4 e6 2. e4 d5 3. Nd2 c5 4. c3 Nc6 5. Ne2 Nf6 6. e5 Nd7 7. g3 Qb6 8. Nf3 Be7
9. Bg2 O-O 10. O-O f6 11. exf6 Nxf6 12. Re1 Bd6 13. Qc2 e5 14. dxe5 Nxe5 15.
Nxe5 Bxe5 16. Bf4 Re8 17. Red1 Bxf4 18. Nxf4 d4 19. cxd4 cxd4 20. Qc4+ Kh8 21.
Qxd4 Qxd4 22. Rxd4 Bf5 23. Bxb7 Rab8 24. Bc6 Rec8 25. Ba4 Rxb2 26. Rad1 Rbb8
27. Bb3 h6 28. Be6 Bxe6 29. Nxe6 Re8 30. Rd8 Rbxd8 31. Rxd8 Rxd8 32. Nxd8 Kg8
33. Nc6 a6 34. Nb4 a5 35. Nc6 a4 36. Nb4 Ne4 37. a3 Nc3 38. Nd3 Kf7 39. Kf1 Ke6
40. Ke1 Kd5 41. Kd2 Nb1+ 42. Kc1 Nxa3 43. Nb2 Ke4 44. Nxa4 Kf3 45. Nb6 Kxf2 46.
Nc8 Kg2 47. Nd6 g6 48. Kd2 Kxh2 49. Ne4 Nc4+ 50. Ke2 Kg2 51. Kd3 Ne5+ 52. Ke3
Ng4+ 53. Kf4 Nf2 54. Ng5 Nh3+ 55. Nxh3 Kxh3 56. Kf3 g5 57. Kf2 g4 58. Kf1 Kxg3
59. Kg1 Kh3 0-1

[Event "DEM U12/U12w 2010"]
[Site "Oberhof GER"]
[Date "2010.05.25"]
[Round "5"]
[White "Kluge, Leyla"]
[Black "Engert, Marvin"]
[Result "0-1"]
[Termination "normal"]
[Board "30"]
[WhiteElo "1199"]
[BlackElo "1612"]
[PlyCount "46"]
[WhiteFideId "12918172"]
[BlackFideId "12901164"]
[EventCountry "GER"]
[EventRounds "11"]
[EventType "swiss"]
[EventDate "2010.05.22"]

1. c4 g6 2. Nc3 Bg7 3. g3 Nf6 4. Bg2 O-O 5. Nf3 d6 6. d3 Nbd7 7. O-O e5 8. Bd2
Nh5 9. Qc1 f5 10. Bh6 f4 11. Bxg7 Kxg7 12. e3 Nc5 13. d4 e4 14. dxc5 exf3 15.
Bxf3 Bh3 16. Rd1 fxg3 17. hxg3 Rxf3 18. cxd6 cxd6 19. Nb5 Qg5 20. Qc3+ Kg8 21.
Qd4 Nf4 22. exf4 Rxg3+ 23. Kh1 Bg2+ 0-1

[Event "DEM U12/U12w 2010"]
[Site "Oberhof GER"]
[Date "2010.05.25"]
[Round "5"]
[White "Blösch, Christoph"]
[Black "Bilchinski, Anton"]
[Result "0-1"]
[Termination "normal"]
[Board "31"]
[WhiteElo "1332"]
[BlackElo "1727"]
[PlyCount "78"]
[WhiteFideId "12918121"]
[BlackFideId "24615765"]
[EventCountry "GER"]
[EventRounds "11"]
[EventType "swiss"]
[EventDate "2010.05.22"]

1. e4 e5 2. Nf3 d6 3. Bc4 Be7 4. d3 Nf6 5. O-O O-O 6. Nbd2 Nc6 7. c3 Na5 8. Bb5
c6 9. Ba4 b5 10. Bc2 a6 11. a4 Bd7 12. b4 Nb7 13. a5 Qc7 14. c4 c5 15. Ba3 Rfb8
16. Qe2 cxb4 17. Bxb4 Nc5 18. Rab1 Be6 19. Ng5 h6 20. Nxe6 Nxe6 21. Rfc1 Nd4
22. Qf1 Qd8 23. Nb3 Nc6 24. Bd2 bxc4 25. dxc4 Nb4 26. Qe1 Nxc2 27. Rxc2 Qd7 28.
f3 Qa4 29. Na1 Rc8 30. Rbc1 Nd7 31. Kh1 Nc5 32. Rb1 Bd8 33. Bc3 Rab8 34. Qd1
Nb7 35. Nb3 Qxc4 36. Rbb2 Qe6 37. Qd3 Nxa5 38. Nxa5 Bxa5 39. Bxa5 Rxb2 0-1

[Event "DEM U12/U12w 2010"]
[Site "Oberhof GER"]
[Date "2010.05.25"]
[Round "5"]
[White "Röhlich, Philipp"]
[Black "Koch, Elisabeth"]
[Result "0-1"]
[Termination "normal"]
[Board "32"]
[WhiteElo "1690"]
[BlackElo "1370"]
[PlyCount "48"]
[WhiteFideId "24692832"]
[BlackFideId "24695068"]
[EventCountry "GER"]
[EventRounds "11"]
[EventType "swiss"]
[EventDate "2010.05.22"]

1. e4 e5 2. Nf3 Nc6 3. Bc4 Nf6 4. Ng5 d5 5. exd5 Na5 6. Bb5+ c6 7. dxc6 bxc6 8.
Qf3 Bb7 9. Bd3 Bd6 10. b3 O-O 11. O-O Qc7 12. h3 h6 13. Ne4 Nxe4 14. Qxe4 f5
15. Qe2 e4 16. Ba6 Bxa6 17. Qxa6 f4 18. f3 Bc5+ 19. Kh1 e3 20. dxe3 fxe3 21.
Re1 Rae8 22. a3 Qg3 23. Qxa5 Bd6 24. Kg1 Rxf3 0-1

[Event "DEM U12/U12w 2010"]
[Site "Oberhof GER"]
[Date "2010.05.25"]
[Round "5"]
[White "Greif, Gavin"]
[Black "Müller, Max"]
[Result "1-0"]
[Termination "normal"]
[Board "33"]
[WhiteElo "1678"]
[BlackElo "1365"]
[PlyCount "49"]
[WhiteFideId "24662429"]
[BlackFideId "12900486"]
[EventCountry "GER"]
[EventRounds "11"]
[EventType "swiss"]
[EventDate "2010.05.22"]

1. e4 e6 2. d4 d5 3. Nd2 Nf6 4. e5 Nfd7 5. f4 c5 6. c3 Nc6 7. Ndf3 Be7 8. Bd3
O-O 9. Ne2 f6 10. h4 c4 11. Bb1 fxe5 12. fxe5 b5 13. Qc2 g6 14. h5 Qe8 15. Bh6
Bb7 16. Bxf8 Nxf8 17. hxg6 Nxg6 18. Nf4 Qf7 19. Nxg6 hxg6 20. Rh6 Rf8 21. Rxg6+
Kh8 22. Rh6+ Kg8 23. Rh7 Qe8 24. Rg7+ Kxg7 25. Qh7# 1-0

[Event "DEM U12/U12w 2010"]
[Site "Oberhof GER"]
[Date "2010.05.25"]
[Round "5"]
[White "Berkov, Mikhail"]
[Black "Schumann, Rabea"]
[Result "1-0"]
[Termination "normal"]
[Board "34"]
[WhiteElo "1840"]
[BlackElo "1140"]
[PlyCount "65"]
[WhiteFideId "24678783"]
[BlackFideId "12918199"]
[EventCountry "GER"]
[EventRounds "11"]
[EventType "swiss"]
[EventDate "2010.05.22"]

1. Nc3 e5 2. Nf3 Nc6 3. d4 exd4 4. Nxd4 d6 5. e4 Nf6 6. Nd5 Be7 7. Bf4 O-O 8.
f3 Bd7 9. Qd2 Re8 10. Be2 Nxd5 11. exd5 Ne5 12. O-O-O Bf8 13. g4 Qe7 14. h4 f6
15. g5 g6 16. h5 c6 17. c4 c5 18. gxf6 Qxf6 19. Nc2 Rab8 20. Bg5 Qf5 21. f4 Ng4
22. hxg6 Qxg6 23. Bd3 Bf5 24. Bxf5 Qxf5 25. Rh4 Nf6 26. Rg1 Kf7 27. Bxf6 Kxf6
28. Qc3+ Kf7 29. Qg3 Qg6 30. Qh2 Qe4 31. Rxh7+ Kf6 32. Qh4+ Kf5 33. Qg5# 1-0

[Event "DEM U12/U12w 2010"]
[Site "Oberhof GER"]
[Date "2010.05.25"]
[Round "5"]
[White "Nobis, Anna"]
[Black "Böhme, Mathis"]
[Result "0-1"]
[Termination "normal"]
[Board "35"]
[WhiteElo "1428"]
[BlackElo "1080"]
[PlyCount "92"]
[WhiteFideId "1270302"]
[BlackFideId "12900443"]
[EventCountry "GER"]
[EventRounds "11"]
[EventType "swiss"]
[EventDate "2010.05.22"]

1. e4 d5 2. exd5 Nf6 3. Nc3 Nxd5 4. Bc4 Nb6 5. Bb3 Nc6 6. Nf3 Bf5 7. d4 e6 8.
Be3 Bb4 9. Qd2 Na5 10. O-O Nac4 11. Qc1 Bg4 12. Ne5 Nxe5 13. dxe5 Nd7 14. Bg5
f6 15. exf6 gxf6 16. Bh4 Qe7 17. Re1 O-O-O 18. Nd5 Qf8 19. Nxb4 Qxb4 20. Bxe6
Bxe6 21. Bxf6 Nxf6 22. Rxe6 Rhf8 23. c3 Qc4 24. Qe1 Rfe8 25. Rxe8 Rxe8 26. Qd2
Qe6 27. h3 Qe2 28. Qxe2 Rxe2 29. Rb1 Ne4 30. f3 Nf6 31. Kf1 Rd2 32. g4 Rh2 33.
g5 Nh5 34. Kg1 Rxh3 35. Kg2 Rg3+ 36. Kf2 Rxg5 37. Ke3 Re5+ 38. Kd4 Re7 39. Rf1
Nf4 40. b4 h5 41. c4 Re2 42. a4 h4 43. Rh1 h3 44. c5 Re6 45. Rf1 Nh5 46. f4
Re4+ 0-1

[Event "DEM U12/U12w 2010"]
[Site "Oberhof GER"]
[Date "2010.05.25"]
[Round "5"]
[White "Niggl, Michael"]
[Black "Gheng, Christian"]
[Result "1-0"]
[Termination "normal"]
[Board "36"]
[WhiteElo "1275"]
[BlackElo "1574"]
[PlyCount "83"]
[WhiteFideId "12918164"]
[BlackFideId "24660345"]
[EventCountry "GER"]
[EventRounds "11"]
[EventType "swiss"]
[EventDate "2010.05.22"]

1. c4 Nf6 2. Nc3 c5 3. g3 g6 4. Bg2 Nc6 5. Nf3 Bg7 6. O-O O-O 7. d3 e6 8. a3 d5
9. cxd5 Nxd5 10. Qc2 b6 11. Bd2 Bb7 12. Rab1 Rc8 13. Nxd5 exd5 14. Bf4 Re8 15.
Qd2 d4 16. b4 cxb4 17. axb4 Qe7 18. Rfe1 b5 19. Ng5 h6 20. Ne4 g5 21. Bd6 Qd8
22. g4 Rxe4 23. Bxe4 Qxd6 24. Rec1 Be5 25. Qa2 Bxh2+ 26. Kg2 Bf4 27. Rc2 Nxb4
28. Rxc8+ Bxc8 29. Qxa7 Bxg4 30. Qa8+ Kg7 31. Qa5 Nd5 32. Rxb5 Nc3 33. Rb6 Qd7
34. Rb7 Bh3+ 35. Kh1 Qg4 36. Qa7 Qh5 37. Qxd4+ Kg8 38. Qd8+ Kg7 39. Qd4+ Kg8
40. Qd8+ Kg7 41. Qd4+ Kf8 42. Qh8# 1-0

[Event "DEM U12/U12w 2010"]
[Site "Oberhof GER"]
[Date "2010.05.25"]
[Round "5"]
[White "Kast, Larissa"]
[Black "Heinemann, Josefine"]
[Result "0-1"]
[Termination "normal"]
[Board "38"]
[WhiteElo "1136"]
[BlackElo "1376"]
[PlyCount "82"]
[WhiteFideId "24699055"]
[BlackFideId "12900460"]
[EventCountry "GER"]
[EventRounds "11"]
[EventType "swiss"]
[EventDate "2010.05.22"]

1. e4 c5 2. Nf3 d6 3. d4 cxd4 4. Nxd4 Nf6 5. f3 a6 6. Be3 e6 7. c4 Be7 8. Nc3
O-O 9. Be2 Nbd7 10. f4 Qa5 11. O-O Qc7 12. Qe1 Re8 13. Qg3 b6 14. Bd3 Nc5 15.
Bc2 Bb7 16. e5 dxe5 17. fxe5 Nh5 18. Qf2 Qxe5 19. Qxf7+ Kh8 20. Qf2 Bd6 21. Nf3
Bxf3 22. gxf3 Nf4 23. Bxf4 Qxf4 24. Qg2 Qxc4 25. Rad1 Be5 26. Ne4 Nxe4 27. Bxe4
Rad8 28. Rxd8 Rxd8 29. Qh3 h6 30. Qg2 Qxa2 31. Qg6 Bd4+ 32. Kh1 Kg8 33. Qh7+
Kf7 34. Qg6+ Ke7 35. Rd1 Qxb2 36. Rf1 Be5 37. Qh5 Rd2 38. f4 Bxf4 39. Rxf4 Qc1+
40. Qd1 Qxd1+ 41. Rf1 Qxf1# 0-1

[Event "DEM U12/U12w 2010"]
[Site "Oberhof GER"]
[Date "2010.05.25"]
[Round "5"]
[White "Buchberger, Tamara"]
[Black "Trotzke, Johannes"]
[Result "1-0"]
[Termination "normal"]
[Board "39"]
[WhiteElo "1088"]
[BlackElo "1357"]
[PlyCount "135"]
[BlackFideId "12918105"]
[EventCountry "GER"]
[EventRounds "11"]
[EventType "swiss"]
[EventDate "2010.05.22"]

1. e4 e6 2. f4 d5 3. e5 c5 4. b3 Nc6 5. Nf3 a5 6. Bb2 a4 7. Bb5 Qb6 8. Nc3 a3
9. Bxc6+ bxc6 10. Bc1 Qb4 11. O-O c4 12. Na4 Bc5+ 13. Nxc5 Qxc5+ 14. Kh1 Ba6
15. c3 cxb3 16. d4 Qe7 17. Rf2 b2 18. Bxb2 axb2 19. Rxb2 Nh6 20. Qa4 Qc7 21.
Qa3 Kd7 22. Rab1 Bb5 23. Qc5 Rhb8 24. Nd2 Ng4 25. Kg1 f6 26. h3 Nh6 27. g4 fxe5
28. fxe5 Nf7 29. h4 Ba6 30. Nb3 Rb5 31. Qa3 Bb7 32. Nc5+ Kc8 33. Na4 Rxb2 34.
Rxb2 Nd8 35. Nb6+ Qxb6 36. Qxa8+ Bxa8 37. Rxb6 Kc7 38. Rb3 Nf7 39. Kf2 Nh6 40.
Kf3 Nf7 41. Kf4 Bb7 42. Ra3 Kb6 43. Rb3+ Ka7 44. Ra3+ Ba6 45. Ra4 Kb7 46. Rb4+
Kc7 47. Ra4 Kb6 48. Rb4+ Bb5 49. a4 c5 50. Rxb5+ Kc6 51. Rxc5+ Kb6 52. a5+ Kb7
53. c4 Nd8 54. cxd5 exd5 55. Rxd5 Nc6 56. Rd7+ Ka6 57. Rxg7 Nxd4 58. Rxh7 Ne6+
59. Kf5 Nd4+ 60. Kf6 Nf3 61. e6 Nd4 62. e7 Kxa5 63. e8=Q Ka6 64. Qa4+ Kb6 65.
Qxd4+ Kb5 66. Qb2+ Ka6 67. Rd7 Ka5 68. Rb7 1-0

[Event "DEM U12/U12w 2010"]
[Site "Oberhof GER"]
[Date "2010.05.25"]
[Round "5"]
[White "Weber, Sandra"]
[Black "Holle, Niklas"]
[Result "1-0"]
[Termination "normal"]
[Board "40"]
[WhiteElo "1350"]
[BlackElo "1024"]
[PlyCount "133"]
[WhiteFideId "1270049"]
[EventCountry "GER"]
[EventRounds "11"]
[EventType "swiss"]
[EventDate "2010.05.22"]

1. d4 Nf6 2. c4 Nc6 3. Nf3 e6 4. Bg5 d5 5. e3 Be7 6. Nc3 Ne4 7. Nxe4 dxe4 8.
Bxe7 Qxe7 9. Nd2 e5 10. d5 Nb4 11. Nxe4 Bf5 12. Qb1 Qh4 13. Nd6+ cxd6 14. Qxf5
O-O 15. Be2 b5 16. a3 Na6 17. cxb5 Nc7 18. Qd3 Rab8 19. Qb3 Qe4 20. O-O a6 21.
Bf3 Qf5 22. e4 Qd7 23. b6 Nb5 24. Qa4 Qc8 25. Be2 Rxb6 26. Bxb5 Rxb5 27. Rac1
Qb7 28. b4 Ra8 29. Rc4 a5 30. Qb3 axb4 31. Rxb4 Raa5 32. Rxb5 Rxb5 33. Qa4 h6
34. g3 Qb6 35. Qc4 Ra5 36. Qb4 Qa6 37. Qb8+ Kh7 38. Qc7 Rxa3 39. Qxf7 Qd3 40.
Qf5+ Kg8 41. Qe6+ Kf8 42. Qxd6+ Kg8 43. Qxe5 Qf3 44. d6 Rd3 45. Qe6+ Qf7 46.
Qxf7+ Kxf7 47. e5 Ke6 48. f4 g5 49. f5+ Kxe5 50. f6 Rxd6 51. f7 Rd8 52. f8=Q
Rxf8 53. Rxf8 Ke6 54. h4 Ke7 55. Rh8 gxh4 56. gxh4 Kf6 57. Rxh6+ Kg7 58. Ra6
Kf7 59. h5 Kg7 60. h6+ Kh7 61. Kg2 Kg8 62. Ra7 Kh8 63. Kg3 Kg8 64. Kg4 Kh8 65.
Kg5 Kg8 66. Kg6 Kh8 67. Ra8# 1-0

[Event "DEM U12/U12w 2010"]
[Site "Oberhof GER"]
[Date "2010.05.25"]
[Round "5"]
[White "Sadjjadi, Anahita"]
[Black "Mierzwa, Robert"]
[Result "1/2-1/2"]
[Termination "normal"]
[Board "41"]
[WhiteElo "1016"]
[BlackElo "1345"]
[PlyCount "52"]
[BlackFideId "12918113"]
[EventCountry "GER"]
[EventRounds "11"]
[EventType "swiss"]
[EventDate "2010.05.22"]

1. e4 e6 2. d4 d5 3. Nd2 Nf6 4. Bd3 c5 5. c3 Nc6 6. e5 Nd7 7. Ne2 Be7 8. Nf3
Qc7 9. Bf4 b6 10. a3 Bb7 11. Qc2 h6 12. b4 c4 13. Bh7 O-O-O 14. Qb1 g5 15. Bd2
f5 16. Bg6 g4 17. Nfg1 h5 18. Bf7 Nf8 19. Nf4 Bg5 20. Bxe6+ Nxe6 21. Nxe6 Bxd2+
22. Kxd2 Qf7 23. Nxd8 Nxd8 24. f4 Ne6 25. g3 h4 26. Ne2 h3 1/2-1/2

[Event "DEM U12/U12w 2010"]
[Site "Oberhof GER"]
[Date "2010.05.25"]
[Round "5"]
[White "Lemke, Berfîn"]
[Black "Schramm, Anna-Lena"]
[Result "1-0"]
[Termination "normal"]
[Board "42"]
[WhiteElo "1318"]
[BlackElo "945"]
[PlyCount "57"]
[WhiteFideId "1270578"]
[BlackFideId "12918237"]
[EventCountry "GER"]
[EventRounds "11"]
[EventType "swiss"]
[EventDate "2010.05.22"]

1. e4 e5 2. Nc3 Nf6 3. Nf3 Nc6 4. Be2 Bc5 5. O-O d5 6. exd5 Nxd5 7. Ne4 Bb6 8.
Bc4 Be6 9. d3 f5 10. Neg5 Qd7 11. Re1 h6 12. Nxe5 Nxe5 13. Rxe5 hxg5 14. Bxd5
O-O-O 15. Bxe6 Bd4 16. Bxd7+ Rxd7 17. Re1 g4 18. c3 Bf6 19. Qa4 a6 20. d4 Rdd8
21. Qa5 g6 22. Bf4 Rd7 23. Re6 Rf8 24. Rae1 Kb8 25. Re8+ Rxe8 26. Rxe8+ Ka7 27.
Bxc7 Rxc7 28. Qxc7 a5 29. Qxa5# 1-0

[Event "DEM U12/U12w 2010"]
[Site "Oberhof GER"]
[Date "2010.05.25"]
[Round "5"]
[White "Gaßmann, Linda"]
[Black "Niemeyer, Maximilian"]
[Result "1-0"]
[Termination "normal"]
[Board "43"]
[WhiteElo "1862"]
[BlackElo "793"]
[PlyCount "77"]
[WhiteFideId "12900451"]
[EventCountry "GER"]
[EventRounds "11"]
[EventType "swiss"]
[EventDate "2010.05.22"]

1. e4 e5 2. Nf3 Nc6 3. d4 exd4 4. Nxd4 Bc5 5. Nxc6 bxc6 6. Nc3 Qf6 7. Qd2 Ne7
8. Bc4 d6 9. b3 Be6 10. Bxe6 fxe6 11. Bb2 O-O 12. O-O d5 13. Na4 Bxf2+ 14. Rxf2
Qh4 15. Rxf8+ Rxf8 16. exd5 cxd5 17. Qd4 Qg5 18. Qe5 Qh6 19. Nc5 Rf6 20. Re1
Kf7 21. Rf1 Rxf1+ 22. Kxf1 Nf5 23. Qxc7+ Kg6 24. Qe5 Ne3+ 25. Ke2 Ng4 26. Qxe6+
Kh5 27. Qxd5+ Kh4 28. Qf3 Kg5 29. Bc1+ Kh5 30. Bxh6 gxh6 31. h3 Kg6 32. Qxg4+
Kf6 33. Qd7 h5 34. h4 h6 35. Qe6+ Kg7 36. Qf5 Kg8 37. Ne6 Kh8 38. Qf8+ Kh7 39.
Qg7# 1-0

[Event "DEM U12/U12w 2010"]
[Site "Oberhof GER"]
[Date "2010.05.25"]
[Round "5"]
[White "von Reppert, Marc"]
[Black "Schmid, Katharina"]
[Result "1/2-1/2"]
[Termination "normal"]
[Board "44"]
[WhiteElo "1321"]
[BlackElo "1056"]
[PlyCount "40"]
[WhiteFideId "12918130"]
[BlackFideId "12918210"]
[EventCountry "GER"]
[EventRounds "11"]
[EventType "swiss"]
[EventDate "2010.05.22"]

1. d4 d5 2. c4 e6 3. Nc3 Nf6 4. Bg5 Nbd7 5. e3 c6 6. Bd3 Qa5 7. Qc2 dxc4 8.
Bxc4 Qxg5 9. g3 Bb4 10. Nge2 O-O 11. f4 Qa5 12. a3 Nb6 13. Bd3 Nbd5 14. Kd2
Bxc3+ 15. bxc3 g6 16. e4 Ne7 17. h3 b6 18. e5 Nd7 19. h4 Qd5 20. Be4 Qc4
1/2-1/2

[Event "DEM U12/U12w 2010"]
[Site "Oberhof GER"]
[Date "2010.05.25"]
[Round "5"]
[White "Lamottke, Svenja"]
[Black "Wanner, Lukas"]
[Result "1/2-1/2"]
[Termination "normal"]
[Board "45"]
[WhiteElo "963"]
[BlackElo "1309"]
[PlyCount "139"]
[WhiteFideId "12918229"]
[BlackFideId "12918148"]
[EventCountry "GER"]
[EventRounds "11"]
[EventType "swiss"]
[EventDate "2010.05.22"]

1. e4 c5 2. Nf3 d6 3. Nc3 Nc6 4. Bc4 Nf6 5. d3 e6 6. Bg5 Be7 7. O-O O-O 8. Re1
Qc7 9. d4 cxd4 10. Nxd4 a6 11. Nf3 b5 12. Bd3 Bb7 13. Qd2 Rac8 14. Rad1 Rfd8
15. Qe2 Nb4 16. a3 Nxd3 17. cxd3 h6 18. Bh4 Re8 19. d4 Qc4 20. Qxc4 Rxc4 21. e5
Bxf3 22. gxf3 dxe5 23. Bxf6 gxf6 24. dxe5 fxe5 25. Rxe5 Bf6 26. Re3 Bxc3 27.
Rxc3 Rxc3 28. bxc3 Rc8 29. Rd3 Rc4 30. Kg2 Ra4 31. Kg3 Rxa3 32. Kg4 Ra2 33. Rd6
a5 34. Kh5 Rxf2 35. Kxh6 Rxh2+ 36. Kg5 Kg7 37. Rb6 Rb2 38. c4 a4 39. Rxb5 a3
40. Ra5 a2 41. c5 Rc2 42. Kf4 Rxc5 43. Rxa2 Kf6 44. Ke3 Rc4 45. Kd3 Rb4 46. Ra7
Kg6 47. Ra6 Kf5 48. Ra7 f6 49. Ke3 Rb3+ 50. Kf2 e5 51. Ra6 Kg5 52. Ra5 Rd3 53.
Ke2 Rd4 54. Ke3 Kf5 55. Rb5 Ke6 56. Rb6+ Kf5 57. Rb5 Ra4 58. Rc5 Ra3+ 59. Ke2
Kf4 60. Rc4+ Kg3 61. Rg4+ Kh3 62. Kf2 Ra2+ 63. Ke3 Ra3+ 64. Kf2 Ra2+ 65. Ke3
Rg2 66. Rxg2 Kxg2 67. f4 Kg3 68. fxe5 fxe5 69. Ke4 Kg4 70. Kxe5 1/2-1/2

[Event "DEM U12/U12w 2010"]
[Site "Oberhof GER"]
[Date "2010.05.25"]
[Round "5"]
[White "Silber, Stefanie"]
[Black "Azizowa, Laura"]
[Result "0-1"]
[Termination "normal"]
[Board "46"]
[WhiteElo "847"]
[BlackElo "1078"]
[PlyCount "56"]
[WhiteFideId "12918245"]
[EventCountry "GER"]
[EventRounds "11"]
[EventType "swiss"]
[EventDate "2010.05.22"]

1. e4 e6 2. d4 d5 3. exd5 exd5 4. Nc3 Nf6 5. Nf3 c5 6. Bb5+ Bd7 7. Bxd7+ Nbxd7
8. Be3 Be7 9. O-O O-O 10. Re1 h6 11. Ne5 cxd4 12. Bxd4 Nb6 13. Qf3 Rc8 14. Re2
Re8 15. Nd3 Rc4 16. Bxf6 Bxf6 17. Rxe8+ Qxe8 18. Nb4 Rxb4 19. Nxd5 Nxd5 20.
Qxd5 Rxb2 21. Rf1 Rxc2 22. g3 b5 23. Qb3 Rc3 24. Qb4 Rc4 25. Qa5 Ra4 26. Qd2 b4
27. Rb1 Bc3 28. Qc2 Ra6 0-1

[Event "DEM U12/U12w 2010"]
[Site "Oberhof GER"]
[Date "2010.05.25"]
[Round "5"]
[White "Alsheimer, Lea"]
[Black "Sherif, Amina"]
[Result "1/2-1/2"]
[Termination "normal"]
[Board "47"]
[WhiteElo "1127"]
[BlackElo "1081"]
[PlyCount "121"]
[WhiteFideId "12918180"]
[BlackFideId "12911690"]
[EventCountry "GER"]
[EventRounds "11"]
[EventType "swiss"]
[EventDate "2010.05.22"]

1. Nf3 Nf6 2. g3 d5 3. Bg2 Nc6 4. O-O e5 5. d3 Bc5 6. Nbd2 Bf5 7. Qe1 O-O 8. e4
dxe4 9. dxe4 Be6 10. b3 Qd7 11. Bb2 Nd4 12. Nxd4 Bxd4 13. Bxd4 Qxd4 14. Nf3
Qxe4 15. Qxe4 Nxe4 16. Nxe5 f5 17. Rfe1 Rfe8 18. Bxe4 fxe4 19. Rxe4 Bf5 20. Re2
Bxc2 21. Rxc2 Rxe5 22. Rxc7 Rb8 23. Rac1 Re2 24. Rc8+ Rxc8 25. Rxc8+ Kf7 26.
Rc7+ Re7 27. Rxe7+ Kxe7 28. h4 Kd6 29. Kf1 Kc5 30. Ke2 Kb4 31. f4 Ka3 32. Kd3
Kxa2 33. b4 Ka3 34. Kc4 Ka4 35. b5 a6 36. bxa6 bxa6 37. g4 Ka5 38. Kc5 Ka4 39.
Kc4 Ka5 40. Kb3 Kb5 41. g5 Kc5 42. f5 Kd6 43. h5 Ke5 44. f6 Ke6 45. fxg7 Kf7
46. h6 Kg8 47. Ka4 Kf7 48. Ka5 Kg8 49. Kxa6 Kf7 50. Kb6 Kg8 51. Kc5 Kf7 52. Kd5
Kg8 53. Ke5 Kf7 54. Kf4 Kg8 55. Kf5 Kf7 56. Kg4 Kg8 57. Kh5 Kf7 58. g8=Q+ Kxg8
59. g6 hxg6+ 60. Kxg6 Kh8 61. h7 1/2-1/2

[Event "DEM U12/U12w 2010"]
[Site "Oberhof GER"]
[Date "2010.05.28"]
[Round "10"]
[White "Donchenko, Alexander"]
[Black "Müller, Constantin"]
[Result "1/2-1/2"]
[Termination "normal"]
[Board "1"]
[WhiteElo "2094"]
[BlackElo "1861"]
[PlyCount "36"]
[WhiteFideId "24603295"]
[BlackFideId "24697630"]
[EventCountry "GER"]
[EventRounds "11"]
[EventType "swiss"]
[EventDate "2010.05.22"]

1. d4 d5 2. Nf3 Nf6 3. c4 c6 4. Qc2 dxc4 5. Qxc4 Bf5 6. g3 e6 7. Bg2 Nbd7 8.
O-O Be7 9. Nc3 O-O 10. Re1 Ne4 11. Qb3 Qb6 12. Nh4 Bb4 13. Nxf5 exf5 14. Qc4
Qa5 15. Bxe4 fxe4 16. a3 Bxc3 17. bxc3 Qd5 18. Qa2 b5 1/2-1/2